Представление документа в формате RUSMARC

ПолеНазваниеЗначение
  Тип записи a
  Библиографический уровень m
001 Контрольный номер UONB/MAIN/7f8b38a520d14698b9d60c81174219f3
005 Дата корректировки 20260510101248.4
010 Индекс ISBN __
a ISBN 5-7140-0255-5
d Цена 55 к.
9 Тираж 7000 экз.
100 Данные общей обработки __
a Данные общей обработки 20260510d1990 u y0rusy0189 ca
101 Язык документа 0_
a Язык текста rus
102 Страна публикации __
a Страна публикации RU
105 Кодированные данные (монография) __
a Кодированные данные (монография) a z 001yy
200 Заглавие и сведения об ответственности 1_
a Заглавие Михаил и Матвей Виельгорские
e Сведения, относящиеся к заглавию исполнители. Просветители. Меценаты
f Первые сведения об ответственности Т. А. Щербакова
203 Вид содержания и тип средства __
a Вид содержания Текст
b Характеристика содержания визуальный
c Тип средства непосредственный
210 Выходные данные 1_
a Место издания Москва
c Издательство Музыка
d Дата издания 1990
215 Физическое описание __
a Объем 128 с.
c Иллюстрации/тип воспроизводства ил., портр., нот.
d Формат 22 см
225 Серия 1_
a Серия Русские музыканты XIX в.
320 Библиография __
a Библиография Библиогр.: с. 91-99
320 Библиография __
a Библиография Список муз. произведений Мих. Ю. Виельгорского: с. 110-111
320 Библиография __
a Библиография Список произведенией для виолончели и ансамблевых соч. в репертуаре Матвея Ю. Виельгорского: с. 111-112
600 Персоналии _1
a Персоналии (Фамилия) Виельгорский
b Персоналии (Имя, инициалы) М. Ю.
g Полное имя Михаил Юрьевич
600 Персоналии _1
a Персоналии (Фамилия) Виельгорский
b Персоналии (Имя, инициалы) М. Ю.
g Полное имя Матвей Юрьевич
606 Тематические рубрики 0_
a Основная рубрика Музыкальная жизнь в России
x Основная подрубрика История
z Хронологическая подрубрика 19 в.
606 Тематические рубрики 0_
a Основная рубрика Русская музыка
z Хронологическая подрубрика 19 в.
610 Ключевые слова 0_
a Ключевые слова музыкальная жизнь в России; русская музыка
686 Индексы других классификаций __
a Классификационный индекс 85.313(2Р=Рус)1/5-8
2 Код системы rubbk
700 Автор _1
a Фамилия Щербакова
b Имя (инициалы) Т. А.
g Полное личное имя Таисия Алексеевна
801 Источник записи _0
a Страна RU
b Организация Ульяновская ОНБ
c Дата составления 20260510
g Правила каталогизации RCR
801 Источник записи _1
a Страна RU
b Организация Ульяновская ОНБ
c Дата составления 20260510
g Правила каталогизации RCR
901 Тип документа __
t Тип документа m
909 Создатель записи __
a Создатель записи Мышкова
b Дата создания записи 20260510